[Event "Plovdiv Radulski Memorial 3rd"]
[Site "Plovdiv"]
[Date "2017.10.29"]
[Round "5"]
[White "Kolev, Hristian"]
[Black "Kolev, Ivan"]
[Result "1-0"]
[WhiteElo "1792"]
[BlackElo "2098"]
[PlyCount "131"]
[EventDate "2017.10.29"]
[EventType "swiss (rapid)"]
[EventRounds "9"]
[EventCountry "BUL"]
[SourceTitle "CBM 181 Extra"]
[Source "ChessBase"]
[SourceDate "2017.12.12"]
[SourceVersion "1"]
[SourceVersionDate "2017.12.12"]
[SourceQuality "1"]

1. e4 e6 2. d4 d5 3. exd5 exd5 4. Nf3 Bd6 5. Bd3 Ne7 6. 0-0 0-0 7. Re1 Bf5 8. Bg5 f6 9. Bh4 Qd7 10. Bg3 Bxg3 11. hxg3 Nbc6 12. c3 Rae8 13. Nh4 Bxd3 14. Qxd3 Nd8 15. Nd2 Nf7 16. Re3 Nc8 17. Rae1 Ncd6 18. Nb3 Ne4 19. Qe2 Nfd6 20. Nd2 Nxd2 21. Rxe8 Rxe8 22. Qxd2 Nc4 23. Rxe8+ Qxe8 24. Qc1 Qe2 25. b3 Nd2 26. Nf5 Ne4 27. Qe3 Qxe3 28. Nxe3 Nxc3 29. a4 c6 30. Kf1 Kf7 31. Ke1 Ke6 32. f3 Na2 33. Kd2 Nb4 34. g4 g6 35. Kc3 Na6 36. b4 Nc7 37. Kd3 Ne8 38. Nf1 Nd6 39. Nd2 h5 40. gxh5 gxh5 41. Nb3 Kf5 42. Nc5 Kf4 43. Nd7 f5 44. Nf6 h4 45. Ke2 Nc4 46. b5 Nb2 47. bxc6 bxc6 48. a5 a6 49. Nd7 Nc4 50. Nc5 Nxa5 51. Kf2 Kg5 52. Nxa6 Nb3 53. Ke3 Kf6 54. Nb4 Na5 55. Nd3 Nb3 56. Ne5 c5 57. Nd7+ Ke6 58. Nxc5+ Nxc5 59. dxc5 Kd7 60. Kd4 Ke6 61. f4 Kf6 62. Kxd5 Kg6 63. c6 Kh5 64. c7 Kg4 65. Ke5 Kg3 66. c8Q 1-0

[Event "Plovdiv Radulski Memorial 3rd"]
[Site "Plovdiv"]
[Date "2017.10.29"]
[Round "8"]
[White "Kolev, Hristian"]
[Black "Rahnev, Alexandr"]
[Result "0-1"]
[WhiteElo "1792"]
[BlackElo "2138"]
[PlyCount "90"]
[EventDate "2017.10.29"]
[EventType "swiss (rapid)"]
[EventRounds "9"]
[EventCountry "BUL"]
[SourceTitle "CBM 181 Extra"]
[Source "ChessBase"]
[SourceDate "2017.12.12"]
[SourceVersion "1"]
[SourceVersionDate "2017.12.12"]
[SourceQuality "1"]

1. e4 c6 2. d4 d5 3. exd5 cxd5 4. Bd3 Nc6 5. c3 Nf6 6. Bf4 Qb6 7. Qb3 Bg4 8. Nd2 e6 9. Ngf3 Be7 10. 0-0 0-0 11. Rfe1 Bh5 12. Ne5 Nxe5 13. Bxe5 Nd7 14. Bf4 Bg6 15. Bf1 Rfc8 16. Nf3 Be4 17. Nd2 Bg6 18. Qa4 Nf6 19. Bg5 Qxb2 20. Rac1 Rxc3 21. Nf3 Ra3 22. Qd1 h6 23. Re2 Qb4 24. Bh4 Bd6 25. Bg3 Bxg3 26. hxg3 Qa4 27. Qd2 Bd3 28. Re3 Bxf1 29. Rxa3 Qxa3 30. Kxf1 Ne4 31. Qc2 Qd6 32. Ne5 f6 33. Ng4 Rf8 34. Kg1 h5 35. Ne3 Rf7 36. Qe2 g6 37. Qb5 Kg7 38. Rc8 Qd7 39. Qxd7 Rxd7 40. Kh2 Nxf2 41. a4 Ne4 42. a5 a6 43. Nc2 Nd6 44. Rb8 Nb5 45. Rc8 Rc7 0-1

[Event "Plovdiv Radulski Memorial 3rd"]
[Site "Plovdiv"]
[Date "2017.10.29"]
[Round "9"]
[White "Stoyanov, Tsvetan"]
[Black "Kolev, Hristian"]
[Result "1-0"]
[WhiteElo "1890"]
[BlackElo "1792"]
[PlyCount "119"]
[EventDate "2017.10.29"]
[EventType "swiss (rapid)"]
[EventRounds "9"]
[EventCountry "BUL"]
[SourceTitle "CBM 181 Extra"]
[Source "ChessBase"]
[SourceDate "2017.12.12"]
[SourceVersion "1"]
[SourceVersionDate "2017.12.12"]
[SourceQuality "1"]

1. e4 c5 2. Nf3 g6 3. c3 Bg7 4. d4 cxd4 5. cxd4 d5 6. e5 Bg4 7. Be2 Nc6 8. 0-0 e6 9. Nc3 Nge7 10. Bg5 Qb6 11. Na4 Qa5 12. Nc5 Bxf3 13. Bxf3 Qb4 14. Nb3 Nf5 15. Bd2 Qa4 16. Bc3 0-0 17. Qd3 Nb4 18. Qd2 Bh6 19. Qe2 a5 20. Bg4 Ne7 21. Nc5 Qc6 22. a3 Na6 23. Nd3 b6 24. f4 Nc7 25. Rac1 Qb7 26. Bf3 Nb5 27. g4 Nxc3 28. bxc3 Rac8 29. c4 Qd7 30. c5 Qa4 31. Qe3 Qxa3 32. Ra1 Bxf4 33. Qxf4 Qxd3 34. cxb6 Rc4 35. Rad1 Qc3 36. b7 Rb4 37. Qf6 Rxb7 38. h4 Rb2 39. Qf4 Qc2 40. h5 Kg7 41. h6+ Kg8 42. Rc1 Qd2 43. Qxd2 Rxd2 44. Rc7 Re8 45. Rb1 Kf8 46. Rbb7 Rxd4 47. Be2 Rb4 48. Bb5 Rxb5 49. Rxb5 d4 50. Rbb7 d3 51. Rd7 d2 52. Rxd2 Nd5 53. Ra2 Re7 54. Rb3 Ra7 55. Rb8+ Ke7 56. Rh8 Nf4 57. Rxh7 g5 58. Rh8 Ng6 59. Rg8 Nxe5 60. h7 1-0

[Event "Plovdiv ChessBomb op 2nd"]
[Site "Plovdiv"]
[Date "2016.07.15"]
[Round "5"]
[White "Kolev, Hristian"]
[Black "Popchev, Milko"]
[Result "0-1"]
[WhiteElo "1860"]
[BlackElo "2281"]
[PlyCount "56"]
[EventDate "2016.07.12"]
[EventType "swiss"]
[EventRounds "7"]
[EventCountry "BUL"]
[SourceTitle "CBM 173 Extra"]
[Source "ChessBase"]
[SourceDate "2016.08.29"]
[SourceVersion "1"]
[SourceVersionDate "2016.08.29"]
[SourceQuality "1"]

1. e4 c5 2. Nc3 e6 3. Nf3 a6 4. a4 Nc6 5. Be2 Nf6 6. 0-0 d5 7. d3 Be7 8. Bf4 0-0 9. Re1 b6 10. h3 Bb7 11. Bf1 Nb4 12. exd5 Nfxd5 13. Nxd5 Nxd5 14. Bg3 Bf6 15. Be5 Bxe5 16. Nxe5 f6 17. Nc4 e5 18. g3 Nb4 19. Ne3 Qd7 20. Qg4 f5 21. Qc4+ Kh8 22. c3 Nc2 23. Nxc2 Qc6 24. f3 Qxf3 25. Re2 Qxg3+ 26. Bg2 f4 27. Ne1 f3 28. Qg4 f2+ 0-1

[Event "BUL-ch sf 80th"]
[Site "Plovdiv"]
[Date "2016.02.10"]
[Round "3"]
[White "Dimitrov, Radoslav"]
[Black "Kolev, Hristian"]
[Result "1-0"]
[WhiteElo "2496"]
[BlackElo "1800"]
[PlyCount "47"]
[EventDate "2016.02.08"]
[EventType "swiss"]
[EventRounds "9"]
[EventCountry "BUL"]
[SourceTitle "CBM 170 Extra"]
[Source "ChessBase"]
[SourceDate "2016.02.25"]
[SourceVersion "1"]
[SourceVersionDate "2016.02.25"]
[SourceQuality "1"]

1. Nc3 d5 2. e4 dxe4 3. Nxe4 Nf6 4. Nxf6+ exf6 5. Bc4 Be6 6. Bxe6 Qe7 7. Ne2 Qxe6 8. 0-0 Be7 9. Re1 Qd7 10. d4 0-0 11. Ng3 Nc6 12. c3 Rfe8 13. Qf3 Bf8 14. Bf4 b6 15. h3 Ne7 16. Rad1 g6 17. c4 Bg7 18. Qb7 Rec8 19. d5 g5 20. d6 gxf4 21. dxe7 Qa4 22. Qxc8+ Rxc8 23. Rd8+ Qe8 24. Rxc8 1-0

[Event "BUL-ch sf 80th"]
[Site "Plovdiv"]
[Date "2016.02.08"]
[Round "1"]
[White "Popchev, Milko"]
[Black "Kolev, Hristian"]
[Result "1-0"]
[WhiteElo "2278"]
[BlackElo "1800"]
[PlyCount "43"]
[EventDate "2016.02.08"]
[EventType "swiss"]
[EventRounds "9"]
[EventCountry "BUL"]
[SourceTitle "CBM 170 Extra"]
[Source "ChessBase"]
[SourceDate "2016.02.25"]
[SourceVersion "1"]
[SourceVersionDate "2016.02.25"]
[SourceQuality "1"]

1. Nc3 g6 2. d4 Bg7 3. e4 d6 4. Be3 Nd7 5. g3 e5 6. Bg2 Ngf6 7. h3 0-0 8. Nge2 b6 9. 0-0 Bb7 10. g4 exd4 11. Bxd4 Re8 12. Ng3 Nc5 13. g5 Nfd7 14. Bxg7 Kxg7 15. f4 f6 16. h4 a5 17. a3 a4 18. Rf2 Ra5 19. b4 axb3 20. cxb3 Qa8 21. b4 Rxa3 22. Rfa2 1-0

[Event "BUL-ch sf 76th"]
[Site "Plovdiv"]
[Date "2012.02.12"]
[Round "9"]
[White "Arnaudov, Petar"]
[Black "Kolev, Hristian"]
[Result "1-0"]
[WhiteElo "2121"]
[BlackElo "1798"]
[PlyCount "75"]
[EventDate "2012.02.06"]
[EventType "swiss"]
[EventRounds "9"]
[EventCountry "BUL"]
[SourceTitle "CBM 146 Extra"]
[Source "ChessBase"]
[SourceDate "2012.02.29"]
[SourceVersion "1"]
[SourceVersionDate "2012.02.29"]
[SourceQuality "1"]

1. e4 c5 2. f4 d6 3. Nf3 g6 4. Bb5+ Bd7 5. Bxd7+ Qxd7 6. 0-0 Nc6 7. d3 Bg7 8. Nc3 Nf6 9. Kh1 0-0 10. Be3 b5 11. Qd2 b4 12. Nd1 c4 13. Nf2 c3 14. bxc3 bxc3 15. Qc1 Rfc8 16. f5 e6 17. g4 Rab8 18. Bh6 e5 19. Bxg7 Kxg7 20. Qg5 Rb2 21. fxg6 h6 22. Qh4 fxg6 23. g5 hxg5 24. Qxg5 Rh8 25. Rg1 Rh6 26. Nh4 Ne7 27. Rac1 Rxa2 28. Rg2 Qe6 29. Nf5+ Nxf5 30. exf5 Qd7 31. Ne4 Nxe4 32. dxe4 Qf7 33. Rf1 Ra4 34. Rg4 Rd4 35. f6+ Kh7 36. Rh4 Rxh4 37. Qxh4+ Kg8 38. Rb1 1-0

[Event "BUL-ch sf 76th"]
[Site "Plovdiv"]
[Date "2012.02.07"]
[Round "2"]
[White "Dimitrov, Dejan"]
[Black "Kolev, Hristian"]
[Result "1/2-1/2"]
[WhiteElo "2104"]
[BlackElo "1798"]
[PlyCount "123"]
[EventDate "2012.02.06"]
[EventType "swiss"]
[EventRounds "9"]
[EventCountry "BUL"]
[SourceTitle "CBM 146 Extra"]
[Source "ChessBase"]
[SourceDate "2012.02.29"]
[SourceVersion "1"]
[SourceVersionDate "2012.02.29"]
[SourceQuality "1"]

1. e4 c5 2. Nf3 g6 3. Nc3 Bg7 4. d4 cxd4 5. Nxd4 Nc6 6. Nde2 Nf6 7. g3 d6 8. Bg2 0-0 9. 0-0 Be6 10. Nd5 Rc8 11. a4 Qd7 12. Nef4 Ne5 13. Nxe6 fxe6 14. Nf4 g5 15. Nd3 Nxd3 16. Qxd3 Ng4 17. c3 Ne5 18. Qb5 g4 19. Be3 a6 20. Qxd7 Nxd7 21. Rfd1 Ne5 22. Bf1 Nc4 23. Bc1 h5 24. Ra2 Kh7 25. Bg5 Bf6 26. Bf4 Kg6 27. Bd3 Ne5 28. Bc2 Nf3+ 29. Kg2 Be5 30. Be3 h4 31. Raa1 Rh8 32. Bb3 Kf6 33. Rh1 h3+ 34. Kf1 Rhf8 35. a5 Rc7 36. Ra4 Rd7 37. Rb4 Rc7 38. Bd1 Kf7 39. Bxf3 gxf3 40. Bb6 Rc6 41. Be3 Rfc8 42. Rxb7 Rc4 43. Ke1 Rxe4 44. Kd2 d5 45. Rb6 d4 46. cxd4 Bxd4 47. Bxd4 Rd8 48. Rb4 e5 49. Re1 Rxe1 50. Kxe1 exd4 51. Rb3 e5 52. Rxf3+ Ke6 53. Rb3 Rd5 54. Rb6+ Kf5 55. Rxa6 Rb5 56. Rb6 Rxa5 57. Ke2 Ra1 58. Rh6 Rb1 59. Rh5+ Kg4 60. Rh4+ Kf5 61. Rh5+ Kg4 62. Rh4+ 1/2-1/2

[Event "BUL-ch sf 75th"]
[Site "Plovdiv"]
[Date "2011.02.10"]
[Round "5"]
[White "Kolev, Hristian"]
[Black "Dimitrov, Dejan"]
[Result "0-1"]
[WhiteElo "1775"]
[BlackElo "2081"]
[PlyCount "70"]
[EventDate "2011.02.07"]
[EventType "swiss"]
[EventRounds "9"]
[EventCountry "BUL"]
[SourceTitle "CBM 140 Extra"]
[Source "ChessBase"]
[SourceDate "2011.03.01"]
[SourceVersion "1"]
[SourceVersionDate "2011.03.01"]
[SourceQuality "1"]

1. d4 Nf6 2. c4 d6 3. Nc3 Bf5 4. Nf3 g6 5. g3 c6 6. Bg2 Bg7 7. 0-0 Ne4 8. Qb3 Nxc3 9. bxc3 Qc8 10. Re1 Be4 11. Ng5 Bxg2 12. Kxg2 0-0 13. e4 Nd7 14. f4 e5 15. c5 exd4 16. cxd6 c5 17. cxd4 Bxd4 18. Bb2 Bxb2 19. Qxb2 Qc6 20. Rad1 Rae8 21. Qc2 c4 22. Kg1 f6 23. Nf3 b5 24. Qb2 Rxe4 25. Rxe4 Qxe4 26. Kf2 Qc6 27. Qd4 a6 28. Re1 Qc5 29. Re7 Rf7 30. Re8+ Kg7 31. Ke3 Qa3+ 32. Ke4 Qxa2 33. Nd2 Qc2+ 34. Kd5 c3 35. Ne4 Qb3+ 0-1

[Event "BUL-ch sf 75th"]
[Site "Plovdiv"]
[Date "2011.02.10"]
[Round "6"]
[White "Ninov, Dayan"]
[Black "Kolev, Hristian"]
[Result "1-0"]
[WhiteElo "2085"]
[BlackElo "1775"]
[PlyCount "55"]
[EventDate "2011.02.07"]
[EventType "swiss"]
[EventRounds "9"]
[EventCountry "BUL"]
[SourceTitle "CBM 140 Extra"]
[Source "ChessBase"]
[SourceDate "2011.03.01"]
[SourceVersion "1"]
[SourceVersionDate "2011.03.01"]
[SourceQuality "1"]

1. d4 Nf6 2. c4 g6 3. Nc3 Bg7 4. e4 d6 5. Be2 0-0 6. Bg5 h6 7. Be3 e5 8. d5 a5 9. Qd2 Kh7 10. f3 Na6 11. g4 Ne8 12. h4 Nc5 13. Nh3 f5 14. h5 f4 15. hxg6+ Kxg6 16. Bf2 Bf6 17. 0-0-0 Ng7 18. Bxc5 dxc5 19. d6 cxd6 20. Qxd6 Qxd6 21. Rxd6 Be6 22. Nd5 Rfd8 23. Rb6 Rd7 24. Rb5 Bd8 25. Rxc5 Rd6 26. Nc3 Kf6 27. Nxf4 Bb6 28. Ncd5+ 1-0

[Event "BUL-ch sf"]
[Site "Plovdiv"]
[Date "2010.01.28"]
[Round "7"]
[White "Asparuhov, Parvan"]
[Black "Kolev, Hristian"]
[Result "1-0"]
[WhiteElo "2107"]
[BlackElo "1765"]
[PlyCount "91"]
[EventDate "2010.01.24"]
[EventType "swiss"]
[EventRounds "9"]
[EventCountry "BUL"]
[SourceTitle "CBM 134 Extra"]
[Source "ChessBase"]
[SourceDate "2010.03.03"]
[SourceVersion "1"]
[SourceVersionDate "2010.03.03"]
[SourceQuality "1"]

1. e4 c5 2. c3 d6 3. d4 Nf6 4. Bd3 Qc7 5. Nf3 Bg4 6. 0-0 e6 7. Be3 Be7 8. Nbd2 Bh5 9. Rc1 0-0 10. Qc2 Bg6 11. Nh4 Nc6 12. Nxg6 hxg6 13. Qd1 b6 14. f4 d5 15. e5 Nd7 16. Qg4 c4 17. Bb1 Rfb8 18. Bxg6 Nf8 19. Bb1 f5 20. exf6 Bxf6 21. Nf3 Kf7 22. Rce1 Re8 23. Bf2 g6 24. Ng5+ Bxg5 25. fxg5 Kg8 26. Bg3 Qd7 27. Rf6 Ne7 28. Rf3 Nf5 29. Be5 Re7 30. h4 Rh7 31. g3 Re8 32. Rf2 Qd8 33. Kg2 Nd7 34. Bxf5 exf5 35. Qf3 Nxe5 36. dxe5 Rhe7 37. Qf4 Re6 38. Qd4 R8e7 39. Kf3 Kf7 40. Rfe2 Rd7 41. Kf4 Ke7 42. g4 Qh8 43. Kg3 Kf8 44. gxf5 gxf5 45. Rf2 Rf7 46. Rf4 1-0